Lý luận về nhà nước và pháp luật

Cuốn lí luận về nhà nước và phương pháp luật" nhằm giúp người đọc chuyên ngành luật tiếp cận và nghiên cứu môn học thông qua những nội dung khoa học cơ bản, gắn kết với những sự kiện lịch sử và những ví dụ minh họa....

Szczegółowa specyfikacja

Zapisane w:
Opis bibliograficzny
1. autor: Phan, Trung Hiền
Format: Książka
Język:Undetermined
Wydane: Hà Nội Chính trị quốc gia 2012
Hasła przedmiotowe:
Etykiety: Dodaj etykietę
Nie ma etykietki, Dołącz pierwszą etykiete!
Thư viện lưu trữ: Trung tâm Học liệu Trường Đại học Cần Thơ
LEADER 00949nam a2200205Ia 4500
001 CTU_180651
008 210402s9999 xx 000 0 und d
020 |c 33000 
082 |a 320.1 
082 |b H305/Q.1 
100 |a Phan, Trung Hiền 
245 0 |a Lý luận về nhà nước và pháp luật 
245 0 |c Phan Trung Hiền 
260 |a Hà Nội 
260 |b Chính trị quốc gia 
260 |c 2012 
520 |a Cuốn lí luận về nhà nước và phương pháp luật" nhằm giúp người đọc chuyên ngành luật tiếp cận và nghiên cứu môn học thông qua những nội dung khoa học cơ bản, gắn kết với những sự kiện lịch sử và những ví dụ minh họa. 
650 |a Law of Vietnam,Pháp luật Việt Nam 
904 |i Hà Trang 
980 |a Trung tâm Học liệu Trường Đại học Cần Thơ